[Event "La Pobla de Lillet op"]
[Site "La Pobla de Lillet ESP"]
[Date "2012.08.02"]
[Round "2.24"]
[White "Montero Montero, JJ.."]
[Black "Las Heras Aixandri, S.."]
[Result "1-0"]
[WhiteElo "1717"]
[BlackElo "1546"]
[PlyCount "171"]
[EventDate "2012.08.01"]
[EventType "swiss"]
[EventRounds "9"]
[EventCountry "ESP"]
[SourceTitle "Ajedrez en Madrid"]
[Source "lmi"]
[SourceDate "2020.06.24"]
[SourceVersion "1"]
[SourceVersionDate "2020.06.25"]
[SourceQuality "1"]

1. e4 c5 2. Nf3 Nc6 3. Bb5 g6 4. c3 Bg7 5. d3 Nf6 6. Be3 Qb6 7. Na3 a6 8. Bxc6
Qxb2 9. Bxd7+ Bxd7 10. Qc1 Qxc1+ 11. Rxc1 b5 12. Bxc5 Rc8 13. Bd4 b4 14. Nc4
bxc3 15. Bxc3 O-O 16. O-O Bb5 17. Nb2 Bh6 18. Bd2 Bxd2 19. Nxd2 Nd7 20. Ndc4
Nc5 21. Rc3 Nxd3 22. Nxd3 Rxc4 23. Rfc1 Rxc3 24. Rxc3 Rd8 25. Ne1 Rd1 26. Re3
Ra1 27. a3 Kg7 28. h3 Kf6 29. g4 Ke5 30. Kg2 Kf4 31. Kh2 Bc6 32. Ng2+ Ke5 33.
f3 Ra2 34. Kg3 Kd4 35. Rb3 Ba4 36. Rb4+ Kc5 37. Rxa4 Kb5 38. Rb4+ Kc6 39. Rb3
a5 40. Ne3 a4 41. Nc4 axb3 42. Na5+ Kd6 43. Nxb3 Rxa3 44. Nd4 Ke5 45. Nc6+ Kf6
46. h4 Rc3 47. g5+ Ke6 48. Nd4+ Ke5 49. Ne2 Rc2 50. Nf4 Kd4 51. Nd5 e6 52. Nf6
Ke3 53. Ng4+ Ke2 54. Ne5 Rc3 55. Kg2 Ke3 56. Kg3 Rc7 57. Ng4+ Kd4 58. Kf4 Rc1
59. Kg3 Re1 60. Kf2 Rh1 61. Kg3 Kd3 62. Nf2+ Kd4 63. Nxh1 Ke5 64. Nf2 Kd6 65.
Ng4 Ke7 66. Nf6 Kf8 67. Nxh7+ Kg7 68. Nf6 Kf8 69. Kf4 Ke7 70. Ke5 Kf8 71. Kd6
Kg7 72. Ke7 Kh8 73. Nd7 Kg7 74. Ne5 Kg8 75. Nxf7 Kg7 76. Kxe6 Kf8 77. Nd6 Kg7
78. Kd7 Kf8 79. e5 Kg7 80. e6 Kf8 81. e7+ Kg7 82. e8=Q Kh7 83. Ne4 Kg7 84. Qe7+
Kg8 85. Nf6+ Kh8 86. Qf8# 1-0

[Event "La Pobla de Lillet op"]
[Site "La Pobla de Lillet ESP"]
[Date "2012.08.03"]
[Round "3.2"]
[White "Tejero Royo, F.."]
[Black "Movsziszian, K.."]
[Result "0-1"]
[WhiteElo "2136"]
[BlackElo "2469"]
[PlyCount "78"]
[EventDate "2012.08.01"]
[EventType "swiss"]
[EventRounds "9"]
[EventCountry "ESP"]
[SourceTitle "Ajedrez en Madrid"]
[Source "lmi"]
[SourceDate "2020.06.24"]
[SourceVersion "1"]
[SourceVersionDate "2020.06.25"]
[SourceQuality "1"]

1. d4 Nf6 2. c4 g6 3. Nc3 Bg7 4. e4 d6 5. Be2 O-O 6. Bg5 Na6 7. Nf3 Qe8 8. Qd2
e5 9. dxe5 dxe5 10. Bh6 Bg4 11. Bxg7 Kxg7 12. Qe3 Bxf3 13. Qxf3 c6 14. O-O Nc5
15. Rfd1 Ne6 16. Qe3 Qe7 17. Rd2 Rfe8 18. f3 h6 19. Bf1 Nd4 20. Ne2 c5 21. Nc3
a6 22. g4 Rab8 23. Rg2 b5 24. b3 b4 25. Nd5 Nxd5 26. cxd5 a5 27. Bc4 Rb6 28. a4
Rf6 29. Rf1 Rf4 30. Rg3 Qg5 31. Qd3 h5 32. Bb5 Rh8 33. Rf2 hxg4 34. Bd7 f5 35.
exf5 gxf5 36. fxg4 Rxf2 37. Kxf2 Rxh2+ 38. Kg1 Rd2 39. Qe3 Ne2+ 0-1

[Event "La Pobla de Lillet op"]
[Site "La Pobla de Lillet ESP"]
[Date "2012.08.03"]
[Round "3.3"]
[White "Oms Pallisse, J.."]
[Black "Ramos del Campo, A.."]
[Result "1-0"]
[WhiteElo "2461"]
[BlackElo "2078"]
[PlyCount "51"]
[EventDate "2012.08.01"]
[EventType "swiss"]
[EventRounds "9"]
[EventCountry "ESP"]
[SourceTitle "Ajedrez en Madrid"]
[Source "lmi"]
[SourceDate "2020.06.24"]
[SourceVersion "1"]
[SourceVersionDate "2020.06.25"]
[SourceQuality "1"]

1. c4 Nf6 2. Nc3 e6 3. Nf3 Bb4 4. Qc2 O-O 5. a3 Bxc3 6. Qxc3 b6 7. b4 Bb7 8. e3
d6 9. Be2 c5 10. O-O Qe7 11. Bb2 Nbd7 12. d4 Rfd8 13. Rfd1 Qf8 14. Rac1 Rac8
15. Qb3 Rc7 16. dxc5 bxc5 17. b5 d5 18. Ne5 Qd6 19. Nxd7 Nxd7 20. a4 Qe7 21. a5
Qg5 22. g3 Qf5 23. Qc2 Qh3 24. Bf1 Qg4 25. Bg2 dxc4 26. b6 1-0

[Event "La Pobla de Lillet op"]
[Site "La Pobla de Lillet ESP"]
[Date "2012.08.03"]
[Round "3.4"]
[White "Garcia Castellote, O.."]
[Black "Mellado Triviño, J.."]
[Result "0-1"]
[WhiteElo "2061"]
[BlackElo "2444"]
[PlyCount "68"]
[EventDate "2012.08.01"]
[EventType "swiss"]
[EventRounds "9"]
[EventCountry "ESP"]
[SourceTitle "Ajedrez en Madrid"]
[Source "lmi"]
[SourceDate "2020.06.24"]
[SourceVersion "1"]
[SourceVersionDate "2020.06.25"]
[SourceQuality "1"]

1. e4 e6 2. d4 d5 3. Nc3 Nf6 4. Bg5 Bb4 5. e5 h6 6. Bd2 Bxc3 7. bxc3 Ne4 8. Qg4
g6 9. Bd3 Nxd2 10. Kxd2 c5 11. Nf3 c4 12. Be2 Nc6 13. h4 b5 14. a3 Rb8 15. Qf4
a5 16. Rhb1 Qe7 17. Qf6 Rg8 18. Qxe7+ Kxe7 19. Rb2 Ba6 20. Ke3 Rbf8 21. Nh2 h5
22. f4 Rb8 23. Nf3 Rb6 24. Rab1 Rgb8 25. Ne1 Kd7 26. g3 R6b7 27. Bf1 b4 28.
axb4 axb4 29. Kd2 bxc3+ 30. Kxc3 Rxb2 31. Rxb2 Rxb2 32. Kxb2 c3+ 33. Kxc3 Bxf1
34. Nf3 Ne7 0-1

[Event "La Pobla de Lillet op"]
[Site "La Pobla de Lillet ESP"]
[Date "2012.08.03"]
[Round "3.5"]
[White "Antoli Royo, JM.."]
[Black "Garcia Miracle, JJ.."]
[Result "1-0"]
[WhiteElo "2398"]
[BlackElo "2059"]
[PlyCount "41"]
[EventDate "2012.08.01"]
[EventType "swiss"]
[EventRounds "9"]
[EventCountry "ESP"]
[SourceTitle "Ajedrez en Madrid"]
[Source "lmi"]
[SourceDate "2020.06.24"]
[SourceVersion "1"]
[SourceVersionDate "2020.06.25"]
[SourceQuality "1"]

1. e4 c6 2. d4 d5 3. e5 c5 4. Nf3 Nc6 5. dxc5 e6 6. Bd3 Bxc5 7. O-O Nge7 8. a3
Ng6 9. b4 Be7 10. Re1 Qc7 11. Bb2 Bd7 12. Nbd2 O-O 13. Nb3 Rac8 14. Rc1 Rfd8
15. h4 a6 16. g3 Na7 17. Ng5 Bb5 18. Nxh7 Bxd3 19. cxd3 Qb6 20. Qh5 Bxb4 21.
Bd4 1-0

[Event "La Pobla de Lillet op"]
[Site "La Pobla de Lillet ESP"]
[Date "2012.08.03"]
[Round "3.6"]
[White "Roca Diaz, MA.."]
[Black "Valdes Romero, L.."]
[Result "0-1"]
[WhiteElo "2045"]
[BlackElo "2366"]
[PlyCount "54"]
[EventDate "2012.08.01"]
[EventType "swiss"]
[EventRounds "9"]
[EventCountry "ESP"]
[SourceTitle "Ajedrez en Madrid"]
[Source "lmi"]
[SourceDate "2020.06.24"]
[SourceVersion "1"]
[SourceVersionDate "2020.06.25"]
[SourceQuality "1"]

1. d4 Nf6 2. c4 g6 3. g3 Bg7 4. Bg2 d6 5. Nf3 O-O 6. Nc3 Nbd7 7. O-O e5 8. e4
a6 9. Re1 exd4 10. Nxd4 Ng4 11. f4 c6 12. h3 Qb6 13. Nce2 Ngf6 14. Kh2 Re8 15.
Nc3 Nxe4 16. Rxe4 Rxe4 17. Nxe4 Bxd4 18. Nxd6 Nf6 19. Nxc8 Rxc8 20. Rb1 Rd8 21.
Qc2 Bg1+ 22. Kh1 Nh5 23. c5 Bxc5 24. g4 Qb4 25. Bf1 Qe1 26. Qxc5 Qxf1+ 27. Qg1
Qxh3+ 0-1

[Event "La Pobla de Lillet op"]
[Site "La Pobla de Lillet ESP"]
[Date "2012.08.03"]
[Round "3.7"]
[White "Ramiro Ovejero, JL.."]
[Black "Viñals Rioja, J.."]
[Result "1-0"]
[WhiteElo "2349"]
[BlackElo "2012"]
[PlyCount "39"]
[EventDate "2012.08.01"]
[EventType "swiss"]
[EventRounds "9"]
[EventCountry "ESP"]
[SourceTitle "Ajedrez en Madrid"]
[Source "lmi"]
[SourceDate "2020.06.24"]
[SourceVersion "1"]
[SourceVersionDate "2020.06.25"]
[SourceQuality "1"]

1. e4 c5 2. Nc3 Nc6 3. Bb5 Nd4 4. Nf3 Nxb5 5. Nxb5 a6 6. Nc3 d6 7. d4 cxd4 8.
Qxd4 Nf6 9. e5 Ng4 10. exd6 Qxd6 11. Qxd6 exd6 12. Nd5 Rb8 13. Bf4 Be6 14. Nc7+
Kd7 15. Nxe6 fxe6 16. h3 Nf6 17. O-O-O Kc7 18. Rd3 e5 19. Nxe5 Ne8 20. Rc3+ 1-0

[Event "La Pobla de Lillet op"]
[Site "La Pobla de Lillet ESP"]
[Date "2012.08.03"]
[Round "3.8"]
[White "Povill Batlle, R.."]
[Black "Aranda Marin, C.."]
[Result "0-1"]
[WhiteElo "1836"]
[BlackElo "2324"]
[PlyCount "130"]
[EventDate "2012.08.01"]
[EventType "swiss"]
[EventRounds "9"]
[EventCountry "ESP"]
[SourceTitle "Ajedrez en Madrid"]
[Source "lmi"]
[SourceDate "2020.06.24"]
[SourceVersion "1"]
[SourceVersionDate "2020.06.25"]
[SourceQuality "1"]

1. e4 b6 2. d4 Bb7 3. Bd3 Nf6 4. f3 d6 5. Ne2 e5 6. dxe5 dxe5 7. O-O Na6 8. Be3
Bc5 9. Qc1 Qe7 10. a3 Bxe3+ 11. Qxe3 Qc5 12. Qf2 Qxf2+ 13. Kxf2 Nc5 14. Bc4 a5
15. Nbc3 c6 16. b4 Ncd7 17. Ng3 g6 18. b5 Rc8 19. Nge2 Ke7 20. Rac1 cxb5 21.
Bxb5 Rc5 22. Rfd1 Rhc8 23. Rd3 Nf8 24. Ba4 Ba6 25. Nd5+ Nxd5 26. Rxd5 Bc4 27.
Rxc5 Rxc5 28. Bb3 Ne6 29. Nc3 Nf4 30. Bxc4 Rxc4 31. Ne2 Ne6 32. Ke3 f5 33. exf5
gxf5 34. g3 Ra4 35. Ra1 f4+ 36. Kf2 Kf7 37. Rb1 Rc4 38. Rb2 Rc6 39. g4 Nc5 40.
Rb5 Nd7 41. c3 Rd6 42. c4 Rd3 43. Rd5 Rxd5 44. cxd5 b5 45. Nc3 b4 46. Nb5 Nf6
47. axb4 axb4 48. Nd6+ Ke7 49. Nc4 b3 50. d6+ Ke6 51. Ke2 Kd5 52. g5 Nd7 53.
Kd3 Nc5+ 54. Kc3 e4 55. fxe4+ Nxe4+ 56. Kxb3 Nxd6 57. Nd2 Kd4 58. h4 Kd3 59.
Nf3 Ke4 60. Nh2 f3 61. Kc3 Kf4 62. Kd3 Ne4 63. Kd4 f2 64. Kd3 Ng3 65. h5 Kxg5
0-1

[Event "La Pobla de Lillet op"]
[Site "La Pobla de Lillet ESP"]
[Date "2012.08.03"]
[Round "3.9"]
[White "Capellades Subirana, M.."]
[Black "Garcia Castellote, D.."]
[Result "1-0"]
[WhiteElo "2237"]
[BlackElo "2009"]
[PlyCount "65"]
[EventDate "2012.08.01"]
[EventType "swiss"]
[EventRounds "9"]
[EventCountry "ESP"]
[SourceTitle "Ajedrez en Madrid"]
[Source "lmi"]
[SourceDate "2020.06.24"]
[SourceVersion "1"]
[SourceVersionDate "2020.06.25"]
[SourceQuality "1"]

1. e4 c5 2. Nf3 Nc6 3. d4 cxd4 4. Nxd4 Nf6 5. Nc3 e6 6. Nxc6 bxc6 7. Bd3 d5 8.
O-O a5 9. Qe2 Be7 10. Re1 O-O 11. Bf4 Qb6 12. Na4 Qa7 13. c4 Ba6 14. e5 dxc4
15. Bxc4 Nd5 16. Bd2 Bxc4 17. Qxc4 Qa6 18. Qxa6 Rxa6 19. a3 c5 20. Rac1 Rc8 21.
Rc2 c4 22. Rec1 Nb6 23. Nxb6 Rxb6 24. Bxa5 Rb5 25. Bc3 Rd5 26. g3 Bc5 27. Kf1
Kf8 28. f4 Ke7 29. Be1 Be3 30. Bb4+ Kd7 31. Re1 Bb6 32. Re4 Rd4 33. Rxd4+ 1-0

[Event "La Pobla de Lillet op"]
[Site "La Pobla de Lillet ESP"]
[Date "2012.08.03"]
[Round "3.10"]
[White "Sagrista Guindulain, L.."]
[Black "Corrigüelas Armillas, F.."]
[Result "0-1"]
[WhiteElo "1756"]
[BlackElo "1969"]
[PlyCount "54"]
[EventDate "2012.08.01"]
[EventType "swiss"]
[EventRounds "9"]
[EventCountry "ESP"]
[SourceTitle "Ajedrez en Madrid"]
[Source "lmi"]
[SourceDate "2020.06.24"]
[SourceVersion "1"]
[SourceVersionDate "2020.06.25"]
[SourceQuality "1"]

1. e4 c5 2. b3 e6 3. Bb2 d5 4. Bb5+ Bd7 5. Bxd7+ Qxd7 6. Qe2 dxe4 7. Qxe4 Nf6
8. Bxf6 gxf6 9. Nc3 Nc6 10. O-O-O f5 11. Qe3 Bg7 12. Nf3 b6 13. Rhe1 O-O-O 14.
Qe2 Kb7 15. Qc4 Rhg8 16. g3 a6 17. h3 Qc7 18. b4 Nd4 19. Re3 Bh6 20. Rd3 Nxf3
21. Rxf3 Rd4 22. Qb3 c4 23. Qb2 Rgd8 24. Nb1 Qd7 25. Qc3 e5 26. g4 fxg4 27. Rg3
Bf4 0-1

[Event "La Pobla de Lillet op"]
[Site "La Pobla de Lillet ESP"]
[Date "2012.08.03"]
[Round "3.13"]
[White "Franch Bessa, J.."]
[Black "Garcia Galeote, L.."]
[Result "0-1"]
[WhiteElo "1707"]
[BlackElo "2025"]
[PlyCount "64"]
[EventDate "2012.08.01"]
[EventType "swiss"]
[EventRounds "9"]
[EventCountry "ESP"]
[SourceTitle "Ajedrez en Madrid"]
[Source "lmi"]
[SourceDate "2020.06.24"]
[SourceVersion "1"]
[SourceVersionDate "2020.06.25"]
[SourceQuality "1"]

1. e4 b6 2. Nc3 Bb7 3. f4 e6 4. Nf3 Bb4 5. d3 Nf6 6. Bd2 O-O 7. Be2 d5 8. e5
Nfd7 9. d4 a6 10. a3 Be7 11. O-O c5 12. Be3 Nc6 13. Kh1 cxd4 14. Nxd4 Qc7 15.
Bd3 Bc5 16. Nce2 Nxd4 17. Bxd4 g6 18. c3 f6 19. b4 Be7 20. Qc2 fxe5 21. fxe5
Nxe5 22. Bxe5 Qxe5 23. Nd4 Bd6 24. g3 Rxf1+ 25. Rxf1 Rf8 26. Rd1 Qe3 27. Bxg6
e5 28. Bxh7+ Kh8 29. Qg6 exd4 30. Qxd6 Qf3+ 31. Kg1 Qxd1+ 32. Kg2 Qf1# 0-1

[Event "La Pobla de Lillet op"]
[Site "La Pobla de Lillet ESP"]
[Date "2012.08.03"]
[Round "3.14"]
[White "Riera Escayola, J.."]
[Black "Montero Montero, JJ.."]
[Result "0-1"]
[WhiteElo "1981"]
[BlackElo "1717"]
[PlyCount "135"]
[EventDate "2012.08.01"]
[EventType "swiss"]
[EventRounds "9"]
[EventCountry "ESP"]
[SourceTitle "Ajedrez en Madrid"]
[Source "lmi"]
[SourceDate "2020.06.24"]
[SourceVersion "1"]
[SourceVersionDate "2020.06.25"]
[SourceQuality "1"]

1. e4 Nf6 2. e5 Nd5 3. c4 Nb6 4. d4 d6 5. Nf3 Bg4 6. exd6 cxd6 7. Be2 Nc6 8. b3
g6 9. Bb2 Bg7 10. h3 Bd7 11. O-O O-O 12. Qd2 e5 13. dxe5 dxe5 14. c5 e4 15.
Bxg7 Kxg7 16. cxb6 exf3 17. Bxf3 axb6 18. Nc3 Be6 19. Qe3 Qd4 20. Qxd4+ Nxd4
21. Bxb7 Nc2 22. Bxa8 Nxa1 23. Bd5 Nc2 24. Bxe6 fxe6 25. Rc1 Nd4 26. Rd1 e5 27.
Re1 Nc6 28. Nd5 b5 29. Rc1 Rd8 30. Rc5 b4 31. Nc7 Nd4 32. Rxe5 Rc8 33. Na6 Nc2
34. Rb5 Ra8 35. Nxb4 Nxb4 36. Rxb4 Rxa2 37. g3 Rb2 38. Rb7+ Kh6 39. h4 g5 40.
hxg5+ Kxg5 41. Kg2 h5 42. Kf3 Rb1 43. Rb5+ Kg6 44. Ke3 Rb2 45. f3 Rb1 46. Kf4
Rb2 47. Rb6+ Kh7 48. Kg5 Rg2 49. Rb7+ Kg8 50. Kf4 Rb2 51. Rb5 Kf7 52. b4 Rb3
53. Rb6 Kg7 54. Rb5 Kg6 55. Rg5+ Kf6 56. Rb5 Kg6 57. Rb6+ Kg7 58. Rb8 Kf6 59.
b5 Rb4+ 60. Ke3 Rb3+ 61. Kf2 Rb2+ 62. Kg1 Rb1+ 63. Kg2 Rb2+ 64. Kh3 Rb1 65. b6
Ke7 66. b7 Kd7 67. Rh8 Rxb7 68. Rh7+ 0-1

[Event "La Pobla de Lillet op"]
[Site "La Pobla de Lillet ESP"]
[Date "2012.08.04"]
[Round "4.2"]
[White "Movsziszian, K.."]
[Black "Antoli Royo, JM.."]
[Result "1-0"]
[WhiteElo "2469"]
[BlackElo "2398"]
[PlyCount "89"]
[EventDate "2012.08.01"]
[EventType "swiss"]
[EventRounds "9"]
[EventCountry "ESP"]
[SourceTitle "Ajedrez en Madrid"]
[Source "lmi"]
[SourceDate "2020.06.24"]
[SourceVersion "1"]
[SourceVersionDate "2020.06.25"]
[SourceQuality "1"]

1. e4 d5 2. exd5 Qxd5 3. Nc3 Qa5 4. d4 Nf6 5. Nf3 Ne4 6. Bd3 Nxc3 7. bxc3 g6 8.
O-O Bg7 9. Re1 O-O 10. Bd2 Nc6 11. c4 Qa4 12. c3 Qxd1 13. Raxd1 Bg4 14. Rb1
Bxf3 15. gxf3 e5 16. d5 Na5 17. c5 b6 18. Ba6 Rad8 19. d6 cxd6 20. cxb6 axb6
21. Rxb6 d5 22. Bg5 Ra8 23. a4 e4 24. fxe4 Bxc3 25. Rc1 Bd4 26. Rd6 Bb2 27. Rc2
Be5 28. Rb6 Bd4 29. Rb4 Rxa6 30. Rxd4 Nc6 31. Rd1 dxe4 32. Rd6 Nb4 33. Rxa6
Nxa6 34. Bf6 Nb4 35. Rc5 Nd3 36. Rb5 Nf4 37. a5 Ra8 38. a6 Ne6 39. Rb6 g5 40.
Be5 Ra7 41. Bb8 Ra8 42. a7 Kg7 43. Kf1 Kf6 44. Ke2 Ke7 45. Ke3 1-0

[Event "La Pobla de Lillet op"]
[Site "La Pobla de Lillet ESP"]
[Date "2012.08.04"]
[Round "4.3"]
[White "Aranda Marin, C.."]
[Black "Oms Pallisse, J.."]
[Result "0-1"]
[WhiteElo "2324"]
[BlackElo "2461"]
[PlyCount "64"]
[EventDate "2012.08.01"]
[EventType "swiss"]
[EventRounds "9"]
[EventCountry "ESP"]
[SourceTitle "Ajedrez en Madrid"]
[Source "lmi"]
[SourceDate "2020.06.24"]
[SourceVersion "1"]
[SourceVersionDate "2020.06.25"]
[SourceQuality "1"]

1. d4 Nf6 2. Nf3 e6 3. Bf4 c5 4. e3 Qb6 5. Qc1 Nc6 6. c3 Nh5 7. Bg3 Nxg3 8.
hxg3 d5 9. Nbd2 Bd7 10. Bd3 Be7 11. a3 Bf6 12. b4 cxd4 13. cxd4 e5 14. dxe5
Nxe5 15. Nxe5 Bxe5 16. Rh5 Qf6 17. Ra2 g6 18. Rh4 Rc8 19. Rc2 O-O 20. Ke2 Rxc2
21. Qxc2 Rc8 22. Qb3 Rc3 23. Qxd5 Bc6 24. Qa2 Bxg2 25. f4 Bc7 26. Qb2 Bd8 27.
Rh2 Bd5 28. Nb1 Rb3 29. Qxf6 Bxf6 30. e4 Bc6 31. Rh1 Rb2+ 32. Nd2 Bc3 0-1

[Event "La Pobla de Lillet op"]
[Site "La Pobla de Lillet ESP"]
[Date "2012.08.04"]
[Round "4.4"]
[White "Mellado Triviño, J.."]
[Black "Ramiro Ovejero, JL.."]
[Result "1/2-1/2"]
[WhiteElo "2444"]
[BlackElo "2349"]
[PlyCount "133"]
[EventDate "2012.08.01"]
[EventType "swiss"]
[EventRounds "9"]
[EventCountry "ESP"]
[SourceTitle "Ajedrez en Madrid"]
[Source "lmi"]
[SourceDate "2020.06.24"]
[SourceVersion "1"]
[SourceVersionDate "2020.06.25"]
[SourceQuality "1"]

1. e4 c6 2. Nf3 d5 3. Nc3 Bg4 4. h3 Bxf3 5. Qxf3 Nf6 6. d3 e6 7. Bd2 Bb4 8. e5
Nfd7 9. Qg3 Kf8 10. f4 c5 11. Be2 Nc6 12. O-O Nd4 13. Bd1 h5 14. Qe1 g6 15. Ne2
Bxd2 16. Qxd2 Nf5 17. c3 Kg7 18. d4 cxd4 19. cxd4 Rc8 20. Bc2 Ne3 21. Rfc1 Nc4
22. Qb4 a5 23. Qb5 Rc6 24. Ba4 Nb8 25. Qb3 Rb6 26. Bb5 Nc6 27. a4 Na7 28. Rc2
Qd7 29. Qxc4 Rxb5 30. Qd3 Rb4 31. b3 Nc6 32. Rac1 Qd8 33. Rc5 Qb6 34. Rb5 Rxd4
35. Rxb6 Rxd3 36. Rxb7 Nd4 37. Nxd4 Rxd4 38. g3 h4 39. Rcc7 Rf8 40. Kf2 hxg3+
41. Kxg3 g5 42. fxg5 Re4 43. b4 Rxb4 44. Rxb4 axb4 45. Rb7 d4 46. Rxb4 Rd8 47.
Kf2 Kg6 48. h4 Kf5 49. a5 Ra8 50. Ra4 Kxe5 51. a6 Kf5 52. Ke2 e5 53. Kd3 f6 54.
gxf6 Kxf6 55. Ke4 Kg6 56. Ra1 Kh6 57. a7 Kg6 58. h5+ Kh6 59. Kd3 Kg7 60. Ra6
Kh7 61. Kc4 Kg7 62. h6+ Kh7 63. Kd3 Kh8 64. Ke4 Kh7 65. Kd3 Kh8 66. Kc4 Kh7 67.
Kd3 1/2-1/2

[Event "La Pobla de Lillet op"]
[Site "La Pobla de Lillet ESP"]
[Date "2012.08.04"]
[Round "4.5"]
[White "Moya Arau, C.."]
[Black "Capellades Subirana, M.."]
[Result "1/2-1/2"]
[WhiteElo "2066"]
[BlackElo "2237"]
[PlyCount "95"]
[EventDate "2012.08.01"]
[EventType "swiss"]
[EventRounds "9"]
[EventCountry "ESP"]
[SourceTitle "Ajedrez en Madrid"]
[Source "lmi"]
[SourceDate "2020.06.24"]
[SourceVersion "1"]
[SourceVersionDate "2020.06.25"]
[SourceQuality "1"]

1. e4 c6 2. d4 d5 3. exd5 cxd5 4. Bd3 e6 5. Nf3 Nc6 6. c3 Bd6 7. O-O Nf6 8. Bg5
h6 9. Bh4 Qc7 10. Re1 Bd7 11. Qe2 Nh5 12. Bg3 Nxg3 13. hxg3 Be7 14. Nbd2 h5 15.
Ne5 Nxe5 16. Qxe5 Qxe5 17. dxe5 Rc8 18. Nb3 Rc7 19. Nd4 Bc5 20. Nb3 Be7 21. Nd4
Bc5 22. Nb3 Bb6 23. Rac1 Ke7 24. Nd4 Rhc8 25. Rcd1 Bxd4 26. cxd4 a6 27. Kf1 Bb5
28. Ke2 Bxd3+ 29. Kxd3 a5 30. Rd2 a4 31. Ree2 a3 32. Rc2 Rxc2 33. Rxc2 Rxc2 34.
Kxc2 axb2 35. Kxb2 Kd7 36. Kc3 Kc6 37. Kb4 Kb6 38. f4 g6 39. a3 Kc6 40. Ka5 b6+
41. Kb4 Kc7 42. Kb5 Kb7 43. a4 Kc7 44. a5 bxa5 45. Kxa5 Kb7 46. Kb5 Kc7 47. Kc5
Kd7 48. Kb6 1/2-1/2

[Event "La Pobla de Lillet op"]
[Site "La Pobla de Lillet ESP"]
[Date "2012.08.04"]
[Round "4.6"]
[White "Corrigüelas Armillas, F.."]
[Black "Casamitjana Nuñez, A.."]
[Result "1-0"]
[WhiteElo "1969"]
[BlackElo "1805"]
[PlyCount "59"]
[EventDate "2012.08.01"]
[EventType "swiss"]
[EventRounds "9"]
[EventCountry "ESP"]
[SourceTitle "Ajedrez en Madrid"]
[Source "lmi"]
[SourceDate "2020.06.24"]
[SourceVersion "1"]
[SourceVersionDate "2020.06.25"]
[SourceQuality "1"]

1. e4 Nf6 2. e5 Nd5 3. Nc3 Nxc3 4. dxc3 d6 5. Nf3 Bg4 6. h3 Bh5 7. g4 Bg6 8. e6
fxe6 9. Bd3 Nc6 10. Bxg6+ hxg6 11. Qd3 Kd7 12. Qxg6 Qe8 13. Qe4 Rd8 14. Ng5 e5
15. Ne6 Kc8 16. Nxd8 Qxd8 17. Bg5 d5 18. Qf5+ Kb8 19. Qe6 Qd6 20. Qxd6 exd6 21.
O-O-O d4 22. f4 g6 23. cxd4 Nxd4 24. Bf6 Rg8 25. fxe5 dxe5 26. Bxe5 Bh6+ 27.
Kb1 Nf3 28. Bc3 a6 29. h4 Re8 30. Rd3 1-0

[Event "La Pobla de Lillet op"]
[Site "La Pobla de Lillet ESP"]
[Date "2012.08.04"]
[Round "4.7"]
[White "Anguera Maestro, J.."]
[Black "Diaz Lopez, P.."]
[Result "1/2-1/2"]
[WhiteElo "2153"]
[BlackElo "1962"]
[PlyCount "24"]
[EventDate "2012.08.01"]
[EventType "swiss"]
[EventRounds "9"]
[EventCountry "ESP"]
[SourceTitle "Ajedrez en Madrid"]
[Source "lmi"]
[SourceDate "2020.06.24"]
[SourceVersion "1"]
[SourceVersionDate "2020.06.25"]
[SourceQuality "1"]

1. d4 Nf6 2. c4 e6 3. Nf3 Bb4+ 4. Bd2 Qe7 5. Nc3 O-O 6. e3 d6 7. a3 Bxc3 8.
Bxc3 Nbd7 9. Be2 e5 10. O-O b6 11. b4 Bb7 12. d5 Ne4 1/2-1/2

[Event "La Pobla de Lillet op"]
[Site "La Pobla de Lillet ESP"]
[Date "2012.08.04"]
[Round "4.8"]
[White "Blasco Cusido, F.."]
[Black "Tejero Royo, F.."]
[Result "1/2-1/2"]
[WhiteElo "1934"]
[BlackElo "2136"]
[PlyCount "38"]
[EventDate "2012.08.01"]
[EventType "swiss"]
[EventRounds "9"]
[EventCountry "ESP"]
[SourceTitle "Ajedrez en Madrid"]
[Source "lmi"]
[SourceDate "2020.06.24"]
[SourceVersion "1"]
[SourceVersionDate "2020.06.25"]
[SourceQuality "1"]

1. e4 e5 2. Nf3 Nc6 3. d4 exd4 4. Nxd4 Bc5 5. Nb3 Be7 6. Nc3 Nf6 7. a3 d6 8.
Be2 O-O 9. O-O Be6 10. Nd4 Nxd4 11. Qxd4 c6 12. f4 Qb6 13. Qxb6 axb6 14. Be3 b5
15. h3 Bc4 16. Bxc4 bxc4 17. Rad1 Rfe8 18. e5 Bf8 19. Bd4 Nd5 1/2-1/2

[Event "La Pobla de Lillet op"]
[Site "La Pobla de Lillet ESP"]
[Date "2012.08.04"]
[Round "4.9"]
[White "Ramos del Campo, A.."]
[Black "Cervello Tost, R.."]
[Result "1-0"]
[WhiteElo "2078"]
[BlackElo "1877"]
[PlyCount "75"]
[EventDate "2012.08.01"]
[EventType "swiss"]
[EventRounds "9"]
[EventCountry "ESP"]
[SourceTitle "Ajedrez en Madrid"]
[Source "lmi"]
[SourceDate "2020.06.24"]
[SourceVersion "1"]
[SourceVersionDate "2020.06.25"]
[SourceQuality "1"]

1. e4 e5 2. Nf3 Nc6 3. Bc4 Bc5 4. d3 Nf6 5. Nc3 d6 6. Bg5 h6 7. Bxf6 Qxf6 8.
Nd5 Qd8 9. c3 O-O 10. b4 Bb6 11. a4 a5 12. b5 Ne7 13. Nxb6 cxb6 14. Qb3 Qc7 15.
O-O Ng6 16. d4 Bg4 17. Nd2 Qe7 18. Rfe1 Qg5 19. Re3 Kh7 20. Rg3 f5 21. exf5
Rxf5 22. Ne4 Qf4 23. Qc2 Rd8 24. d5 Nh4 25. Bd3 Kh8 26. Qd2 Qxd2 27. Nxd2 Rf4
28. Re3 Rf7 29. Nc4 Rc7 30. Bf1 Nf5 31. Re4 Bh5 32. g4 Bf7 33. gxf5 Bxd5 34.
Rg4 Bxc4 35. Rxc4 Rxc4 36. Bxc4 Rc8 37. Be6 Rxc3 38. Rd1 1-0

[Event "La Pobla de Lillet op"]
[Site "La Pobla de Lillet ESP"]
[Date "2012.08.04"]
[Round "4.10"]
[White "Jover Font, P.."]
[Black "Garcia Castellote, O.."]
[Result "0-1"]
[WhiteElo "1874"]
[BlackElo "2061"]
[PlyCount "58"]
[EventDate "2012.08.01"]
[EventType "swiss"]
[EventRounds "9"]
[EventCountry "ESP"]
[SourceTitle "Ajedrez en Madrid"]
[Source "lmi"]
[SourceDate "2020.06.24"]
[SourceVersion "1"]
[SourceVersionDate "2020.06.25"]
[SourceQuality "1"]

1. e4 c5 2. Nc3 g6 3. g3 Bg7 4. Bg2 Nc6 5. f4 e6 6. d3 Nge7 7. Nf3 d5 8. O-O
O-O 9. h3 Rb8 10. a4 a6 11. g4 b5 12. axb5 axb5 13. Kh1 Qb6 14. Nh4 dxe4 15.
Nxe4 f5 16. Ng3 Rd8 17. c3 b4 18. Ne2 bxc3 19. bxc3 Ba6 20. Rf3 Qb5 21. Ba3
Rxd3 22. Rxd3 Qxd3 23. Qxd3 Bxd3 24. Re1 c4 25. Nd4 Bxd4 26. cxd4 Rb1 27. Rxb1
Bxb1 28. Bxc6 Nxc6 29. Nf3 Be4 0-1